| Поле | Инд. | ПП | Название | Значение |
|---|---|---|---|---|
| Тип записи | a | |||
| Библиографический уровень | b | |||
| 001 | Контрольный номер | 2940a82cbbef48da8ab7279b845cd90e | ||
| 005 | Дата корректировки | 20200630193147.2 | ||
| 008 | Кодируемые данные | 20140826 | ||
| 040 | b | Код языка каталог. | rus | |
| e | Правила каталог. | PSBO | ||
| 041 | 0_ | a | Код языка текста | rus |
| 084 | a | Индекс другой классификации/Индекс ББК | 60.823.3 | |
| 100 | 1_ | a | Автор | Шишкин С. В. |
| q | Полное имя | Шишкин Сергей Владимирович | ||
| 100 | 1_ | a | Автор | Темницкий А. Л. |
| q | Полное имя | Темницкий Александр Лазаревич | ||
| 245 | 10 | a | Заглавие | Роль аттестации медицинских работников в повышении трудовой мотивации |
| 504 | a | Библиография | Лит. в конце статьи | |
| 650 | 04 | a | Основная рубрика | социальное управление; управленческая деятельность; управление персоналом (кадровый менеджмент) |
| 653 | 1_ | a | Ключевые слова | врачи |
| a | Ключевые слова | кадровая политика | ||
| a | Ключевые слова | квалификационные категории | ||
| a | Ключевые слова | кластерный анализ | ||
| a | Ключевые слова | корреляционный анализ | ||
| a | Ключевые слова | кросстабуляционный анализ | ||
| a | Ключевые слова | медицинские работники | ||
| a | Ключевые слова | медицинские работники | ||
| a | Ключевые слова | мотивация к труду | ||
| a | Ключевые слова | оплата труда | ||
| a | Ключевые слова | профессиональная аттестация | ||
| a | Ключевые слова | профессиональная подготовка | ||
| a | Ключевые слова | профессиональный рост | ||
| a | Ключевые слова | Россия | ||
| a | Ключевые слова | сертификация | ||
| a | Ключевые слова | средний медицинский персонал | ||
| a | Ключевые слова | стратегическое управление | ||
| a | Ключевые слова | тестирование | ||
| a | Ключевые слова | эффективность управления | ||
| 773 | 08 | t | Заглавие источника | Вопросы государственного и муниципального управления |
| d | Дата издания источника | 2019 | ||
| g | Прочая информация | № 2. - С. 141 - 167 : 11 табл. | ||
| w | Контрольный № источника | DU/616683499 | ||
| 901 | t | Тип документа | b |